Southville International School and Colleges
Your cart is empty.
  • Cart
  • Lists
    Public lists Eva Luna New books Lux_list list_1
    Your lists Log in to create your own lists
  • Log in to your account
  • Your cookies
  • Search history
Southville International School and Colleges
  • Advanced search
  • Recent comments
  • Most popular
  • Libraries

Log in to your account

Log in with GOOGLE


If you do not have an external account, but do have a local account, you can still log in:

  1. Home
  2. MARC view: Sleeping Beauty /
Normal view MARC view ISBD view

Sleeping Beauty / (Record no. 368549)

[ view plain ]
MARC details
000 -LEADER
fixed length control field 01303nam a22002897a 4500
003 - CONTROL NUMBER IDENTIFIER
control field 0
005 - DATE AND TIME OF LATEST TRANSACTION
control field 20251108112346.0
008 - FIXED-LENGTH DATA ELEMENTS--GENERAL INFORMATION
fixed length control field 251108b xxu||||| |||| 00| 0 eng d
020 ## - INTERNATIONAL STANDARD BOOK NUMBER
International Standard Book Number 978-0-241-47560-7
050 ## - LIBRARY OF CONGRESS CALL NUMBER
Classification number PE 1128.T39
Item number .S54 2021
100 ## - MAIN ENTRY--PERSONAL NAME
Personal name Taylor, Mary,
Relator term adapter.
245 ## - TITLE STATEMENT
Title Sleeping Beauty /
Statement of responsibility, etc text adapted by Mary Taylor ; activities written by Catrin Morris ; illustrated by Richard Johnson ; song lyrics by Wardour Studios.
246 ## - VARYING FORM OF TITLE
Title proper/short title Ladybird Readers Level 4 Sleeping Beauty
250 ## - EDITION STATEMENT
Edition statement Level 4.
260 ## - PUBLICATION, DISTRIBUTION, ETC. (IMPRINT)
Place of publication, distribution, etc London :
Name of publisher, distributor, etc Penguin Random House UK,
Date of publication, distribution, etc 2021.
300 ## - PHYSICAL DESCRIPTION
Extent 64 pages :
Other physical details color illustrations ;
Dimensions 23 cm.
490 ## - SERIES STATEMENT
Series statement Ladybird Readers ;
Volume number/sequential designation Level 4
500 ## - GENERAL NOTE
General note Adapted from the traditional folk tale of "Sleeping Beauty."<br/>Includes vocabulary practice, activities, and song lyrics.
520 ## - SUMMARY, ETC.
Summary, etc A simplified retelling of the classic fairy tale about a princess cursed to sleep for a hundred years, and the prince who awakens her.<br/>
650 ## - SUBJECT ADDED ENTRY--TOPICAL TERM
Topical term or geographic name as entry element Readers (Elementary)
Form subdivision Texts.
650 ## - SUBJECT ADDED ENTRY--TOPICAL TERM
Topical term or geographic name as entry element English language
General subdivision Study and teaching
Form subdivision Readers.
650 ## - SUBJECT ADDED ENTRY--TOPICAL TERM
Topical term or geographic name as entry element Fairy tales
Form subdivision Adaptations
-- Juvenile literature.
700 ## - ADDED ENTRY--PERSONAL NAME
Personal name Morris, Catrin,
Relator term activity writer.
700 ## - ADDED ENTRY--PERSONAL NAME
Personal name Johnson, Richard,
Relator term illustrator.
700 ## - ADDED ENTRY--PERSONAL NAME
Personal name Wardour Studios,
Relator term lyricist.
942 ## - ADDED ENTRY ELEMENTS (KOHA)
Source of classification or shelving scheme Library of Congress Classification
Koha item type Books
Holdings
Withdrawn status Lost status Source of classification or shelving scheme Damaged status Home library Current library Shelving location Date acquired Source of acquisition Sub Shelving location Total Checkouts Full call number Barcode Date last seen Price effective from Koha item type
    Library of Congress Classification   Luxembourg Library Luxembourg Library Teachers Reference Section 11/19/2024 Library Fund     PE 1128.T39 .S54 2021 21340 11/08/2025 11/08/2025 Books

Sleeping Beauty /

APA

Taylor M., Morris C., Johnson R. & Wardour Studios. (2021). Sleeping Beauty. London: Penguin Random House UK.

Chicago

Taylor Mary, Morris Catrin, Johnson Richard and Wardour Studios. 2021. Sleeping Beauty. London: Penguin Random House UK.

Harvard

Taylor M., Morris C., Johnson R. and Wardour Studios. (2021). Sleeping Beauty. London: Penguin Random House UK.

MLA

Taylor Mary, Morris Catrin, Johnson Richard and Wardour Studios. Sleeping Beauty. London: Penguin Random House UK. 2021.

  • Place hold
  • Print
  • Cite
  • Add to your cart (remove)
  • Save record
    BIBTEX Dublin Core MARCXML MARC (non-Unicode/MARC-8) MARC (Unicode/UTF-8) MARC (Unicode/UTF-8, Standard) MODS (XML) RIS
  • More searches
    Search for this title in:
    Other Libraries (WorldCat) Other Databases (Google Scholar) Online Stores (Bookfinder.com) Open Library (openlibrary.org)

Exporting to Dublin Core...

SOUTHVILLE LIBRARY

Southville International School and Colleges Library

1281 Tropical Ave. Cor. Luxembourg St., BF Homes International, Las Pinas City

Tel. No. 8256374 / 252358 Loc. 117/146

Powered by Koha